000 00241nam a2200097Ia 4500
001 766125
005 20250826165335.0
008 250824s9999 xx 000 0 und d
245 0 _aSEVGİ KÖPRÜSÜ
_cMUSTAFA AKGÜN
260 _bPANAMA YAYINLARI
999 _c766125
_d766125